Statistics for Similar Flags Challenge- Hard

Click here to take the quiz!

General Stats

  • This quiz has been taken 318 times
  • The average score is 19 of 20

Answer Stats

QuestionAnswer% Correct
Which of these is the flag of the United States?
100%
Which of these is the flag of Egypt?
99%
Which of these is the flag of the Netherlands?
99%
Which of these is the flag of Australia?
99%
Which of these is the flag of Austria?
97%
Which of these is the flag of Tunisia?
97%
Which of these is the flag of Cambodia?
96%
Which of these is the flag of Colombia?
96%
Which of these is the flag of Denmark?
96%
Which of these is the flag of Hungary?
95%
Which of these is the flag of South Sudan?
95%
Which of these is the flag of Moldova?
93%
Which of these is the flag of Senegal?
92%
Which of these is the flag of Slovenia?
91%
Which of these is the flag of Bolivia?
91%
Which of these is the flag of Samoa?
91%
Which of these is the flag of Oman?
91%
Which of these is the flag of Jordan?
84%
Which of these is the flag of Nicaragua?
84%
Which of these is the flag of Indonesia?
79%

Score Distribution

Percentile by Number Answered

Percent of People with Each Score

Your Score History

You have not taken this quiz